000 00430nam a2200181Ia 4500
001 10517
005 20260306161838.0
008 260306t1969||||xx |||||||||||||| ||spa||
041 _aESP
082 _a940.1
_bK433
100 _aKeen, Maurice
_eAUT
245 4 _aThe pelican history of medieval europe
260 _c1969
300 _a349 páginas :
_c18 cm.
650 _aGEN
654 _aCHU
942 _cLIB
_dJUS
_fJUS
_2ddc
_n
999 _c10517
_d10517